000 00534 a2200181 4500
999 _c9774
_d9774
022 _INo ISSN
050 _aKTL19.A35SOU1981
100 _aFisher, D. S.
_eeditor
245 _aSouth African law reports:
_b1981 (1) -March /
_cM Barnett , et al....
264 _aCape Town:
_bJuta & Company,
_c1981
300 _a1248p. :
500 _aIncludes index
650 _aLaw reports, . -- South Africa
651 _aSouth Africa
700 _aBuchanan J L
_eeditor
700 _aFisher D S
_eeditor
942 _2lcc
_cSERIALS
_h19.A35
_iSOU
_kKTL